00185nam a2200085Ia 4500008004100000041000800041100002100049245002000070260000900090230508s1989 xx 000 0 und d aeng aMALI & CHOUDHARI aMACHINE DRAWING c1989